00361cam a22000977a 4500008004000000082001500040245010800055260005000163300001000213700004000223180718b1957 xxu||||| |||| 00| 0 eng d aK32x42 Un3 aAppointment in her majesty's overseas civil service : and othercby The Colonial Office, United Kingdom aLondonbHer Majesty's Stationery Officec1957 a83+p. aUnited Kingdom. The Colonial Office